00432nam a22001337a 4500020001600000082000800016100001900024245007600043260003100119300002800150650003000178700003200208856005800240 qHard Cover. a200 aAftab, Hussain aFuzzy Cooperative Control for a Team of Mobile Robots /cHussain Aftab. aKarachi:bPNEC NUSTc22017 axi, 56. : ill. ;c30cm. aMS-Electrical Engineering aSupervisor:Dr. Bilal Kadri. u http://10.250.8.41:8080/xmlui/handle/123456789/22428